[Event "Stay Safe Play From Home 130"]
[Site "T#645803Emanuel Laske"]
[Date "2020.05.07"]
[Round "7"]
[White "Lazieri3"]
[Black "rohit2007"]
[Result "1-0"]
[WhiteElo "2071"]
[BlackElo "2230"]
[Annotator "NA"]
[PlyCount "133"]
[EventDate "2020.05.07"]
[EventType "swiss (blitz)"]

1. e4 {[%emt 0:00:01]} c5 {[%emt 0:00:00]} 2. Nc3 {[%emt 0:00:00]} d6 {[%emt 0:00:00]} 3. d3 {[%emt 0:00:00]} g6 {[%emt 0:00:01]} 4. Nf3 {[%emt 0:00:00]} Bg7 {[%emt 0:00:00]} 5. Be3 {[%emt 0:00:00]} Nc6 {[%emt 0:00:00]} 6. Qd2 {[%emt 0:00:00]} Nd4 {[%emt 0:00:00]} 7. Be2 {[%emt 0:00:01]} e5 {[%emt 0:00:01]} 8. Bd1 {[%emt 0:00:01]} Nf6 {[%emt 0:00:01]} 9. Bh6 {[%emt 0:00:02]} Bxh6 {[%emt 0:00:04]} 10. Qxh6 {[%emt 0:00:00]} Nxf3+ {[%emt 0:00:01]} 11. Bxf3 {[%emt 0:00:01]} Bg4 {[%emt 0:00:00]} 12. Bxg4 {[%emt 0:00:05]} Nxg4 {[%emt 0:00:00]} 13. Qg7 {[%emt 0:00:01]} Qf6 {[%emt 0:00:05]} 14. Qxf6 {[%emt 0:00:01]} Nxf6 {[%emt 0:00:00]} 15. f3 {[%emt 0:00:01]} O-O-O {[%emt 0:00:01]} 16. O-O-O {[%emt 0:00:02]} d5 {[%emt 0:00:00]} 17. exd5 {[%emt 0:00:01]} Nxd5 {[%emt 0:00:00]} 18. Nxd5 {[%emt 0:00:00]} Rxd5 {[%emt 0:00:00]} 19. Rhe1 {[%emt 0:00:01]} f5 {[%emt 0:00:01]} 20. Re3 {[%emt 0:00:01]} Re8 {[%emt 0:00:01]} 21. Rde1 {[%emt 0:00:00]} b5 {[%emt 0:00:03]} 22. f4 {[%emt 0:00:01]} e4 {[%emt 0:00:05]} 23. dxe4 {[%emt 0:00:01]} Rd4 {[%emt 0:00:01]} 24. exf5 {[%emt 0:00:01]} Rxe3 {[%emt 0:00:00]} 25. Rxe3 {[%emt 0:00:01]} Rxf4 {[%emt 0:00:00]} 26. fxg6 {[%emt 0:00:01]} hxg6 {[%emt 0:00:01]} 27. Re5 {[%emt 0:00:05]} Kb7 {[%emt 0:00:03]} 28. Rxc5 {[%emt 0:00:01]} Kb6 {[%emt 0:00:00]} 29. Rg5 {[%emt 0:00:01]} Rf1+ {[%emt 0:00:01]} 30. Kd2 {[%emt 0:00:01]} Ra1 {[%emt 0:00:01]} 31. a3 {[%emt 0:00:01]} Rb1 {[%emt 0:00:00]} 32. Kc3 {[%emt 0:00:01]} Rh1 {[%emt 0:00:02]} 33. h3 {[%emt 0:00:01]} Rh2 {[%emt 0:00:06]} 34. Rxg6+ {[%emt 0:00:00]} Kb7 {[%emt 0:00:01]} 35. Rg4 {[%emt 0:00:01]} a5 {[%emt 0:00:01]} 36. h4 {[%emt 0:00:01]} a4 {[%emt 0:00:01]} 37. Kb4 {[%emt 0:00:02]} Kb6 {[%emt 0:00:01]} 38. Rg6+ {[%emt 0:00:01]} Kb7 {[%emt 0:00:00]} 39. Kxb5 {[%emt 0:00:01]} Rxh4 {[%emt 0:00:01]} 40. Rg7+ {[%emt 0:00:02]} Kc8 {[%emt 0:00:01]} 41. c4 {[%emt 0:00:01]} Kd8 {[%emt 0:00:00]} 42. Kxa4 {[%emt 0:00:02]} Rxc4+ {[%emt 0:00:01]} 43. b4 {[%emt 0:00:01]} Kc8 {[%emt 0:00:02]} 44. Kb5 {[%emt 0:00:02]} Rc3 {[%emt 0:00:01]} 45. a4 {[%emt 0:00:00]} Kb8 {[%emt 0:00:01]} 46. a5 {[%emt 0:00:01]} Ka8 {[%emt 0:00:01]} 47. Ka6 {[%emt 0:00:01]} Rc8 {[%emt 0:00:01]} 48. b5 {[%emt 0:00:01]} Rb8 {[%emt 0:00:00]} 49. b6 {[%emt 0:00:01]} Rb7 {[%emt 0:00:00]} 50. Rg8+ {[%emt 0:00:02]} Rb8 {[%emt 0:00:00]} 51. Rxb8+ {[%emt 0:00:00]} Kxb8 {[%emt 0:00:00]} 52. b7 {[%emt 0:00:00]} Kc7 {[%emt 0:00:00]} 53. Ka7 {[%emt 0:00:00]} Kd6 {[%emt 0:00:00]} 54. b8=Q+ {[%emt 0:00:00]} Kd5 {[%emt 0:00:00]} 55. a6 {[%emt 0:00:00]} Ke4 {[%emt 0:00:00]} 56. Kb7 {[%emt 0:00:00]} Kd3 {[%emt 0:00:00]} 57. a7 {[%emt 0:00:00]} Ke2 {[%emt 0:00:00]} 58. a8=Q {[%emt 0:00:00]} Kf1 {[%emt 0:00:00]} 59. Qe8 {[%emt 0:00:00]} Kg1 {[%emt 0:00:00]} 60. Qad8 {[%emt 0:00:01]} Kh1 {[%emt 0:00:00]} 61. Qf6 {[%emt 0:00:00]} Kg1 {[%emt 0:00:00]} 62. g4 {[%emt 0:00:00]} Kh2 {[%emt 0:00:02]} 63. g5 {[%emt 0:00:00]} Kg1 {[%emt 0:00:00]} 64. g6 {[%emt 0:00:00]} Kg2 {[%emt 0:00:00]} 65. Qeh8 {[%emt 0:00:00]} Kg1 {[%emt 0:00:01]} 66. g7 {[%emt 0:00:00]} Kg2 {[%emt 0:00:00]} 67. g8=Q# {[%emt 0:00:00] (Lag: Av=0.67s, max=5.2s)} 1-0

[Event "Stay Safe Play From Home 130"]
[Site "T#645803Emanuel Laske"]
[Date "2020.05.07"]
[Round "7"]
[White "Haxhi Baha"]
[Black "Kubas"]
[Result "0-1"]
[WhiteElo "2051"]
[BlackElo "2423"]
[Annotator "TA"]
[PlyCount "56"]
[EventDate "2020.05.07"]
[EventType "swiss (blitz)"]

{[%evp 12,56,6,0,0,-18,0,-25,-35,-68,-60,-89,-81,-143,-112,-379,-385,-358,-366,-471,-467,-505,-467,-633,-497,-493,-493,-495,-497,-511,-489,-506,-456,-717,-559,-558,-570,-835,-793,-29987,-29988,-29995,-29996,-29996,-29997,-29997,-29998]} 1. e4 c5 2. Nf3 d6 3. d4 cxd4 4. Nxd4 Nf6 5. Nc3 a6 6. f4 e5 7. Nb3 Nbd7 {B93: Sicilian Najdorf: 6 f4.} 8. Qf3 Be7 9. Be3 O-O {[#] Black has an edge.} 10. f5 $146 ({Predecessor:} 10. O-O-O Qc7 11. h3 exf4 12. Bxf4 Ne5 13. Qe2 Be6 14. Nd5 Bxd5 15. exd5 Rac8 16. Bxe5 dxe5 {0-1 (22) Jonsson,S (1568)-Pinto,M (2082) Akureyri 2019}) 10... b5 11. a3 Bb7 12. O-O-O ({White should try} 12. Bd3) 12... Rc8 $17 {White must now prevent ...Rxc3!} 13. Bd3 $2 {[%mdl 8192] [#]} (13. Bg5 $17 {might work better.}) 13... Rxc3 $1 $19 {[%mdl 512]} 14. bxc3 Qc7 ({Not} 14... d5 15. Qg3 $19) 15. Kb2 Rc8 16. Bd2 d5 17. Rde1 dxe4 18. Bxe4 Nxe4 ({Weaker is} 18... Bxe4 19. Rxe4 Nxe4 20. Qxe4 $19) 19. Rxe4 Nf6 {[%mdl 64] Pin} 20. Rhe1 Nxe4 21. Rxe4 Bf6 22. g4 (22. Qe3 $142) 22... Bxe4 23. Qxe4 Qc4 24. Qb7 e4 {[%cal Rf6c3]} 25. g5 Bxc3+ {Black mates.} 26. Bxc3 Qxc3+ {[%mdl 64] Double Attack} 27. Kb1 Qxc2+ {[%mdl 64] Double Attack} 28. Ka1 Qd1+ {White got outplayed after the opening. Accuracy: White = 20%, Black = 87%.} 0-1

[Event "Stay Safe Play From Home 130"]
[Site "T#645803Emanuel Laske"]
[Date "2020.05.07"]
[Round "7"]
[White "CastlingArrocco"]
[Black "Indianquant"]
[Result "0-1"]
[WhiteElo "1982"]
[BlackElo "2325"]
[Annotator "NA RC"]
[PlyCount "88"]
[EventDate "2020.05.07"]
[EventType "swiss (blitz)"]

1. d4 {[%emt 0:00:01]} Nf6 {[%emt 0:00:01]} 2. e3 {[%emt 0:00:00]} e6 {[%emt 0:00:01]} 3. f4 {[%emt 0:00:00]} b6 {[%emt 0:00:01]} 4. Nf3 {[%emt 0:00:00]} Bb7 {[%emt 0:00:01]} 5. Bd3 {[%emt 0:00:00]} c5 {[%emt 0:00:00]} 6. Qe2 {[%emt 0:00:00]} Nc6 {[%emt 0:00:01]} 7. c3 {[%emt 0:00:00]} g6 {[%emt 0:00:01]} 8. Nbd2 {[%emt 0:00:00]} Bg7 {[%emt 0:00:01]} 9. e4 {[%emt 0:00:00]} O-O {[%emt 0:00:01]} 10. e5 {[%emt 0:00:00]} Nd5 {[%emt 0:00:01]} 11. Ne4 {[%emt 0:00:01]} cxd4 {[%emt 0:00:01]} 12. cxd4 {[%emt 0:00:01]} Ncb4 {[%emt 0:00:00]} 13. O-O {[%emt 0:00:01]} Nxd3 {[%emt 0:00:02]} 14. Qxd3 {[%emt 0:00:00]} Nb4 {[%emt 0:00:01]} 15. Qe2 {[%emt 0:00:02]} Ba6 {[%emt 0:00:01]} 16. Qf2 {[%emt 0:00:01]} Bxf1 {[%emt 0:00:02]} 17. Kxf1 {[%emt 0:00:00]} Nd3 {[%emt 0:00:06]} 18. Qe2 {[%emt 0:00:02]} Nxc1 {[%emt 0:00:01]} 19. Rxc1 {[%emt 0:00:00]} Rc8 {[%emt 0:00:01]} 20. Rd1 {[%emt 0:00:00]} d5 {[%emt 0:00:06]} 21. Nd6 {[%emt 0:00:01]} Rc6 {[%emt 0:00:01]} 22. Rd2 {[%emt 0:00:00]} Rxd6 {[%emt 0:00:01]} 23. exd6 {[%emt 0:00:00]} Qxd6 {[%emt 0:00:00]} 24. Ne5 {[%emt 0:00:01]} Rc8 {[%emt 0:00:01]} 25. g4 {[%emt 0:00:03]} Qc7 {[%emt 0:00:03]} 26. h4 {[%emt 0:00:01]} h6 {[%emt 0:00:02]} 27. Kf2 {[%emt 0:00:01]} Qc1 {[%emt 0:00:02]} 28. Rd1 {[%emt 0:00:03]} Qc2 {[%emt 0:00:03]} 29. Rd2 {[%emt 0:00:01]} Qb1 {[%emt 0:00:01]} 30. a3 {[%emt 0:00:02]} Rc1 {[%emt 0:00:02]} 31. Nf3 {[%emt 0:00:00]} Bf6 {[%emt 0:00:03]} 32. g5 {[%emt 0:00:01]} hxg5 {[%emt 0:00:01]} 33. hxg5 {[%emt 0:00:00]} Be7 {[%emt 0:00:00]} 34. Kg2 {[%emt 0:00:02]} Bd6 {[%emt 0:00:01]} 35. Ne5 {[%emt 0:00:02]} Rg1+ {[%emt 0:00:01]} 36. Kf2 {[%emt 0:00:01]} Rh1 {[%emt 0:00:01]} 37. Ke3 {[%emt 0:00:01]} Qg1+ {[%emt 0:00:01]} 38. Kd3 {[%emt 0:00:01]} Rh3+ {[%emt 0:00:01]} 39. Nf3 {[%emt 0:00:02]} Qb1+ {[%emt 0:00:02]} 40. Ke3 {[%emt 0:00:02]} Qe4+ {[%emt 0:00:01]} 41. Kf2 {[%emt 0:00:01]} Qxf4 {[%emt 0:00:01]} 42. Kg2 {[%emt 0:00:04]} Qg3+ {[%emt 0:00:02]} 43. Kf1 {[%emt 0:00:01]} Rh1+ {[%emt 0:00:00]} 44. Ng1 {[%emt 0:00:01]} Qxg1# {[%emt 0:00:00] (Lag: Av=0.58s, max=4.1s)} 0-1

[Event "Stay Safe Play From Home 130"]
[Site "T#645803Emanuel Laske"]
[Date "2020.05.07"]
[Round "7"]
[White "Edmatuag"]
[Black "matanant"]
[Result "1-0"]
[WhiteElo "1653"]
[BlackElo "1669"]
[Annotator "NA"]
[PlyCount "55"]
[EventDate "2020.05.07"]
[EventType "swiss (blitz)"]

1. e4 {[%emt 0:00:01]} e5 {[%emt 0:00:02]} 2. Nf3 {[%emt 0:00:01]} d5 {[%emt 0:00:01]} 3. exd5 {[%emt 0:00:02]} e4 {[%emt 0:00:00]} 4. Nd4 {[%emt 0:00:01]} Qxd5 {[%emt 0:00:01]} 5. Nb3 {[%emt 0:00:02]} Nf6 {[%emt 0:00:02]} 6. Nc3 {[%emt 0:00:01]} Qe5 {[%emt 0:00:00]} 7. Bc4 {[%emt 0:00:02]} Bd6 {[%emt 0:00:00]} 8. g3 {[%emt 0:00:03]} Bh3 {[%emt 0:00:02]} 9. Qe2 {[%emt 0:00:01]} Bg2 {[%emt 0:00:03]} 10. Rg1 {[%emt 0:00:03]} Bf3 {[%emt 0:00:01]} 11. Qf1 {[%emt 0:00:01]} O-O {[%emt 0:00:02]} 12. Be2 {[%emt 0:00:01]} Nc6 {[%emt 0:00:03]} 13. g4 {[%emt 0:00:07]} h6 {[%emt 0:00:03]} 14. Rg3 {[%emt 0:00:02]} Rfe8 {[%emt 0:00:02]} 15. Kd1 {[%emt 0:00:02]} Nd4 {[%emt 0:00:10]} 16. Nxd4 {[%emt 0:00:02]} Qxd4 {[%emt 0:00:02]} 17. Bxf3 {[%emt 0:00:01]} exf3 {[%emt 0:00:01]} 18. Rxf3 {[%emt 0:00:01]} Qxg4 {[%emt 0:00:01]} 19. Qh3 {[%emt 0:00:09]} Bxh2 {[%emt 0:00:06]} 20. Qxg4 {[%emt 0:00:02]} Nxg4 {[%emt 0:00:02]} 21. d3 {[%emt 0:00:02]} Bg1 {[%emt 0:00:02]} 22. Be3 {[%emt 0:00:01]} Rad8 {[%emt 0:00:05]} 23. Kd2 {[%emt 0:00:03]} Nxe3 {[%emt 0:00:02]} 24. fxe3 {[%emt 0:00:00]} Bh2 {[%emt 0:00:02]} 25. Raf1 {[%emt 0:00:02]} Be5 {[%emt 0:00:00]} 26. Ne4 {[%emt 0:00:01]} f5 {[%emt 0:00:02]} 27. Ng3 {[%emt 0:00:02]} g6 {[%emt 0:00:02]} 28. e4 {[%emt 0:00:02] Time (Lag: Av=0.72s, max=5.4s)} 1-0

[Event "Stay Safe Play From Home 130"]
[Site "T#645803Emanuel Laske"]
[Date "2020.05.07"]
[Round "8"]
[White "Indianquant"]
[Black "rohit2007"]
[Result "1-0"]
[WhiteElo "2329"]
[BlackElo "2206"]
[Annotator "TA"]
[PlyCount "93"]
[EventDate "2020.05.07"]
[EventType "swiss (blitz)"]

{[%evp 9,92,353,459,458,506,502,504,487,497,486,544,489,493,499,491,468,507,495,550,545,605,605,579,519,612,616,612,611,670,685,766,766,775,772,746,671,618,506,608,505,591,591,610,541,538,461,647,178,177,169,178,178,177,177,176,176,29966,12822,29975,29976,29975,29976,29972,29973,29988,29989,29989,29990,29992,29992,29992,29993,29996,29994,29995,29994,29996,29996,29996,29997,29997,29997,29998,29999,29999]} 1. Nf3 c5 2. c4 d5 3. cxd5 Nf6 4. e4 Nxe4 5. Qa4+ {[#]} Bd7 $146 ({Predecessor:} 5... Nd7 6. Qxe4 Nf6 7. Qa4+ Bd7 8. Bb5 Nxd5 9. Ne5 Nb6 10. Qb3 e6 11. Qf3 f6 12. Nxd7 Nxd7 13. Qxb7 {1-0 (19) Ballan,M-De la Vaissiere,B France 1996}) 6. Qxe4 {A30: Symmetrical English: Double Fianchetto and Hedgehog.} e6 7. Nc3 Be7 8. Bc4 {White is clearly winning.} O-O 9. dxe6 fxe6 10. Bxe6+ Bxe6 11. Qxe6+ Kh8 12. O-O Bf6 13. Qd5 Qc7 14. Ne4 Nc6 15. Nxf6 Rxf6 16. d3 Nd4 17. Nxd4 cxd4 18. Bg5 Rg6 19. Rac1 Qb6 20. Rfe1 h6 21. Bf4 Rf8 22. Bg3 Qxb2 23. Qb3 Qd2 24. Qd1 Qxa2 25. Rc7 Qd5 26. Qc2 a5 27. Qc4 Qf5 (27... Qxc4 $142 28. dxc4 a4) 28. h3 $2 (28. Re5 Qf6 29. Rxa5) 28... Rxg3 $18 29. fxg3 Qf2+ 30. Kh2 Qxe1 31. Qxd4 {[%csl Gc7][%cal Rd4g7][%mdl 4096] Endgame KQR-KQR} Rg8 32. Rxb7 Qe6 $2 {[#]} (32... Qc1 $18 33. Qe5 Qf1) 33. Rb6 Re8 34. Rxe6 {White mates.} Rxe6 {KQ-KR} 35. Qd8+ Kh7 36. Qxa5 Rg6 {[#]} 37. Qf5 $1 h5 38. g4 h4 39. g5 Kg8 40. Qxg6 Kh8 41. g3 Kg8 42. gxh4 Kh8 43. h5 Kg8 44. h6 {[%csl Gh6][%cal Rg6g7]} Kf8 45. Qxg7+ Ke8 46. h7 {[%cal Rh7h8]} Kd8 47. h8=Q# {Accuracy: White = 66%, Black = 39%.} 1-0

[Event "Stay Safe Play From Home 130"]
[Site "T#645803Emanuel Laske"]
[Date "2020.05.07"]
[Round "8"]
[White "Lamborghini"]
[Black "Haxhi Baha"]
[Result "1-0"]
[WhiteElo "2312"]
[BlackElo "2047"]
[Annotator "TA"]
[PlyCount "107"]
[EventDate "2020.05.07"]
[EventType "swiss (blitz)"]

{[%evp 11,107,-16,24,26,12,19,24,24,30,30,61,45,42,64,189,30,220,152,214,198,325,52,64,64,82,51,64,47,68,24,25,-42,98,37,48,37,53,-5,141,27,25,24,64,41,75,58,322,243,359,298,542,314,505,297,318,312,298,287,275,218,301,128,128,124,124,113,182,179,183,127,131,34,33,0,0,0,0,-58,-58,-72,-70,-166,537,497,492,472,5065,5065,7416,6091,5106,5106,1577,0,0,0,0,0]} 1. e4 e6 2. d3 d5 3. Nd2 c5 4. Ngf3 Nc6 5. g3 Nf6 6. Bg2 dxe4 7. dxe4 {C00: French: Unusual White 2nd moves.} Be7 8. e5 {[#]} Nd7 $146 ({Predecessor:} 8... Nd5 9. O-O O-O 10. Qe2 h6 11. Rd1 Qc7 12. Nc4 Rd8 13. a4 b6 14. Na3 a6 {0-1 (29) Dogantug,A (2246)-Isik,E (2187) Kocaeli 2008}) 9. Qe2 {White has an edge.} Qc7 {[%cal Rd7e5]} 10. Nc4 b5 {[#]} 11. Nd6+ $1 {[%mdl 512]} Bxd6 12. exd6 Qxd6 (12... Qb6 $14) 13. O-O $2 ({White must play} 13. Bf4 $1 $18 {[%cal Rf4d6]} e5 14. Nxe5 $1 {[%mdl 512]} Ndxe5 15. Bxe5 Nxe5 16. Bxa8) 13... Bb7 $2 (13... Rb8 $1 $11 {and Black stays safe.}) 14. Rd1 ({Much less strong is} 14. Qxb5 $6 Qc7 $16) 14... Qe7 (14... Qc7 $16) 15. Qxb5 Rb8 (15... O-O-O $142 16. Be3 a6) 16. Qe2 $2 (16. Bf4 $18) 16... O-O $14 17. c3 Rbd8 18. Qb5 Ba8 19. Be3 h6 20. Nd2 Rb8 21. Qe2 (21. Qa4 $11 Nce5 22. Bxa8 Rxa8 23. Qa6) 21... Nce5 (21... Rxb2 $15 {stays ahead.} 22. Rdb1 Rxb1+ 23. Rxb1 Qd8) 22. b3 (22. Bf4 $16 Bxg2 23. Kxg2) 22... Bxg2 23. Kxg2 Ng6 24. Ne4 ({White should try} 24. h4 $14) 24... Rfc8 {[#]} (24... f5 $11 {remains equal.} 25. Nd2 f4 26. gxf4 Nxf4+ 27. Bxf4 Rxf4) 25. Nd6 (25. Bxh6 $1 $16 {[%mdl 512] Threatens to win with Be3.} Nde5 (25... gxh6 26. Rxd7) 26. Bg5) 25... Rc6 $11 26. Nc4 $36 {[%mdl 2048] White is more active.} e5 27. Qf3 Rbc8 28. Rd2 f5 $2 {[%mdl 8192]} (28... Nb6 $14) 29. Rad1 ({Don't take} 29. Qxf5 Nb6 $18) 29... Ngf8 (29... Nb6 {might work better.}) 30. Qxf5 {[%cal Rd2d7]} Rf6 $2 (30... Re6 {was necessary.} 31. Nd6 Rc6) 31. Qe4 Qf7 $2 (31... Re6 {keeps fighting.} 32. Nd6 Rc7) 32. Qd5 Qxd5+ 33. Rxd5 Nb6 34. Nxb6 ({Weaker is} 34. Bxc5 Nxd5 35. Rxd5 Ra6 $16) 34... axb6 35. c4 Ne6 {and the idea ...Ra8 leaves Black hopeful.} 36. a4 (36. Rxe5 $18 {has better winning chances.} Rcf8 37. Rd7) 36... Nd4 $16 37. Rxe5 Nxb3 38. Rd7 Na5 (38... Rcf8 $16 39. h4 Na5) 39. Ree7 $18 Rg6 40. h4 (40. Re4 $18) 40... Nxc4 41. h5 (41. Bf4 $16 {Hoping for h5.} h5 42. Re4) 41... Nxe3+ $14 42. fxe3 {[%mdl 4096] Endgame KRR-KRR} (42. Rxe3 $5 {[%cal Rh5g6]} Rf6 43. Ree7 $16) 42... Rg5 43. Kf3 Rf8+ 44. Ke4 (44. Kg2 $11) 44... Rxg3 $15 45. Kd3 Rg5 46. a5 ({Better is} 46. Rd6 $15) 46... Rf1 $4 {[%mdl 8192]} (46... bxa5 $19 {and life is good for Black.} 47. Ra7 Rd8+ 48. Ke2 c4) 47. a6 {[%cal Ba5a6,Ba6a7][%mdl 32]} Rd1+ 48. Ke4 Rxd7 (48... Rg4+ $142 49. Ke5 Rg5+ 50. Ke6 Re1) 49. Rxd7 $18 {KR-KR} Rg4+ 50. Kd5 Ra4 51. a7 Kh7 52. Ke6 $2 ({White has to play} 52. e4 $18 c4 53. Kd4) 52... c4 $11 53. Kf7 c3 54. Kf8 {[%mdl 32768] Accuracy: White = 39%, Black = 40%. . Sensor Board Error (Ke4/e5)?} 1-0

[Event "Stay Safe Play From Home 130"]
[Site "T#645803Emanuel Laske"]
[Date "2020.05.07"]
[Round "8"]
[White "SoulofWolf"]
[Black "Kubas"]
[Result "0-1"]
[WhiteElo "2192"]
[BlackElo "2426"]
[Annotator "TA"]
[PlyCount "56"]
[EventDate "2020.05.07"]
[EventType "swiss (blitz)"]

{[%evp 9,56,12,11,-13,-5,-4,-8,-18,5,-8,0,-174,-79,-324,-91,-145,-129,-108,-114,-272,-225,-207,-84,-87,-45,-40,-12,-27,126,0,0,0,0,0,0,-118,-18,-14,0,0,0,-44,-38,-89,-96,-125,0,-2326,-2246]} 1. Nf3 d5 2. c4 e6 3. e3 Nf6 4. b3 Be7 5. Bb2 O-O 6. Qc2 {A13: English Opening: 1...e6.} c5 7. d4 cxd4 {[#]} 8. Nxd4 $146 {The position is equal.} ({Predecessor:} 8. exd4 Na6 9. a3 h6 10. Nbd2 b6 11. Bd3 dxc4 12. bxc4 Bb7 13. O-O Nh5 14. Be4 Bxe4 15. Qxe4 {1-0 (28) Presa,L (1684)-Rodrigues Franca,C (1477) Manaus 2015}) 8... Nc6 9. Nd2 Bd7 10. N2f3 $2 (10. N4f3 $11 {and White has nothing to worry.}) 10... Rc8 (10... Bb4+ $1 $19 11. Ke2 dxc4 12. bxc4 Rc8) 11. Rc1 $2 (11. Be2 $17) 11... Nxd4 $2 (11... Nb4 $1 $19 {[%cal Rb4c2] and Black stays clearly on top.} 12. Qb1 Qa5) 12. Nxd4 (12. Bxd4 $142 Ba3 13. Bb2) 12... dxc4 13. bxc4 b5 14. Qb3 $2 (14. Bc3 $17) 14... bxc4 15. Bxc4 Qa5+ (15... Ne4 $19 {is more deadly. Threatens to win with ...Qa5+.} 16. Ke2 Nd6) 16. Bc3 $17 Qc5 17. Bd2 $1 Rb8 18. Qd3 e5 $2 {[#]} (18... Qh5 $11) 19. Nb3 (19. Bxf7+ $1 $16 {[%mdl 512]} Rxf7 20. Rxc5 Bxc5 21. Nb3) 19... Qd6 $11 20. O-O Rfc8 21. Qe2 Qa3 22. Ra1 {[#]} (22. Bc3 $11 {keeps the balance.}) 22... Bg4 (22... Qa4 $1 $17 23. Na5 Bb4) 23. f3 Bf5 24. e4 Bd7 25. Be3 a5 {[%cal Ba7a5,Ba5a4][%mdl 32]} 26. Rfd1 (26. Rfb1 $15) 26... a4 $17 27. Nd2 Bc5 (27... Rb2 $17 {Strongly threatening ...Rxc4!} 28. Rab1 Rc2) 28. Qf2 $2 {[%mdl 8192]} (28. Nf1 $11) 28... Bxe3 {Accuracy: White = 48%, Black = 50%.} 0-1

[Event "Stay Safe Play From Home 130"]
[Site "T#645803Emanuel Laske"]
[Date "2020.05.07"]
[Round "8"]
[White "Shatarchin7"]
[Black "Edmatuag"]
[Result "1-0"]
[WhiteElo "2153"]
[BlackElo "1671"]
[PlyCount "77"]
[EventDate "2020.05.07"]
[EventType "swiss (blitz)"]

1. Nf3 {[%emt 0:00:01]} Nc6 {[%emt 0:00:02]} 2. g3 {[%emt 0:00:00]} g6 {[%emt 0:00:01]} 3. Bg2 {[%emt 0:00:00]} Bg7 {[%emt 0:00:00]} 4. O-O {[%emt 0:00:01]} Nf6 {[%emt 0:00:00]} 5. d4 {[%emt 0:00:00]} O-O {[%emt 0:00:00]} 6. d5 {[%emt 0:00:01]} Nb4 {[%emt 0:00:02]} 7. c4 {[%emt 0:00:02]} c6 {[%emt 0:00:02]} 8. a3 {[%emt 0:00:00]} Na6 {[%emt 0:00:01]} 9. Nc3 {[%emt 0:00:01]} d6 {[%emt 0:00:03]} 10. dxc6 {[%emt 0:00:01]} bxc6 {[%emt 0:00:01]} 11. Nd4 {[%emt 0:00:00]} Nb8 {[%emt 0:00:06]} 12. Nxc6 {[%emt 0:00:01]} Nxc6 {[%emt 0:00:01]} 13. Bxc6 {[%emt 0:00:00]} Rb8 {[%emt 0:00:00]} 14. Bg2 {[%emt 0:00:01]} Bb7 {[%emt 0:00:02]} 15. Nd5 {[%emt 0:00:01]} Nxd5 {[%emt 0:00:03]} 16. cxd5 {[%emt 0:00:00]} Qb6 {[%emt 0:00:02]} 17. Rb1 {[%emt 0:00:02]} Ba6 {[%emt 0:00:01]} 18. b4 {[%emt 0:00:01]} Qb5 {[%emt 0:00:01]} 19. Bf3 {[%emt 0:00:03]} Rfc8 {[%emt 0:00:01]} 20. Bb2 {[%emt 0:00:01]} Rc4 {[%emt 0:00:02]} 21. Bxg7 {[%emt 0:00:01]} Kxg7 {[%emt 0:00:01]} 22. a4 {[%emt 0:00:01]} Qd7 {[%emt 0:00:03]} 23. b5 {[%emt 0:00:01]} Bb7 {[%emt 0:00:01]} 24. Qb3 {[%emt 0:00:01]} Rbc8 {[%emt 0:00:01]} 25. Qb2+ {[%emt 0:00:02]} f6 {[%emt 0:00:02]} 26. Rbc1 {[%emt 0:00:01]} Qf5 {[%emt 0:00:03]} 27. Rxc4 {[%emt 0:00:01]} Rxc4 {[%emt 0:00:02]} 28. Rd1 {[%emt 0:00:05]} Qc2 {[%emt 0:00:02]} 29. Qxc2 {[%emt 0:00:01]} Rxc2 {[%emt 0:00:00]} 30. a5 {[%emt 0:00:02]} Ra2 {[%emt 0:00:01]} 31. a6 {[%emt 0:00:03]} Bc8 {[%emt 0:00:01]} 32. Rc1 {[%emt 0:00:01]} Bf5 {[%emt 0:00:01]} 33. Rc7 {[%emt 0:00:00]} Rb2 {[%emt 0:00:02]} 34. Rxa7 {[%emt 0:00:01]} Rxb5 {[%emt 0:00:03]} 35. Rxe7+ {[%emt 0:00:01]} Kh6 {[%emt 0:00:00]} 36. a7 {[%emt 0:00:01]} Ra5 {[%emt 0:00:01]} 37. h4 {[%emt 0:00:02]} Bc2 {[%emt 0:00:02]} 38. g4 {[%emt 0:00:01]} f5 {[%emt 0:00:01]} 39. g5# {[%emt 0:00:01] (Lag: Av=0.55s, max=0.7s)} 1-0